[Event "Quimper op 5th"]
[Site "Quimper"]
[Date "2014.10.31"]
[Round "5"]
[White "Arveuf, Rene"]
[Black "Le Roux, Yann Erle"]
[Result "0-1"]
[WhiteElo "1582"]
[BlackElo "1988"]
[PlyCount "60"]
[EventDate "2014.10.31"]
[EventType "swiss"]
[EventRounds "7"]
[EventCountry "FRA"]
[SourceTitle "EXT 2016"]
[Source "ChessBase"]
[SourceDate "2015.10.08"]
[SourceVersion "1"]
[SourceVersionDate "2015.10.08"]
[SourceQuality "1"]

1. e4 e6 2. d4 d5 3. Be3 dxe4 4. Nd2 Nf6 5. f3 exf3 6. Ngxf3 b6 7. Bd3 Bb7 8. 0-0 Nbd7 9. c3 c5 10. Nb3 Qc7 11. Bb5 Be7 12. Ne5 0-0 13. Nxd7 Nxd7 14. Bxd7 Qxd7 15. dxc5 Qc6 16. Qf3 Qxf3 17. gxf3 bxc5 18. Nxc5 Bc6 19. Ne4 Rfd8 20. Rfd1 a6 21. Kf2 h6 22. b3 f5 23. Nc5 f4 24. Bd4 e5 25. Ne4 exd4 26. cxd4 Bh4+ 27. Kg2 Be7 28. Rac1 Rac8 29. Nc5 Bd5 30. Rc2 Bxc5 0-1

[Event "Paris-ch op-A"]
[Site "Paris"]
[Date "2009.07.04"]
[Round "1"]
[White "Le Roux, Yann Erle"]
[Black "Gervasio, Ricardo"]
[Result "0-1"]
[WhiteElo "1986"]
[BlackElo "2295"]
[PlyCount "80"]
[EventDate "2009.07.04"]
[EventType "swiss"]
[EventRounds "9"]
[EventCountry "FRA"]
[SourceTitle "EXT 2010"]
[Source "ChessBase"]
[SourceDate "2010.11.25"]
[SourceVersion "1"]
[SourceVersionDate "2010.11.25"]
[SourceQuality "1"]

1. d4 Nf6 2. Nf3 e6 3. Nbd2 c5 4. e3 Nc6 5. c3 Be7 6. Be2 b6 7. 0-0 Bb7 8. a3 0-0 9. e4 cxd4 10. cxd4 Rc8 11. Re1 d6 12. Bd3 e5 13. d5 Nb8 14. Nf1 Rc7 15. Bd2 Nbd7 16. b4 Re8 17. Qa4 Bf8 18. Ng3 Qa8 19. Rac1 Rec8 20. Rxc7 Rxc7 21. Qb3 Qc8 22. Ne2 Ba6 23. Rc1 Rxc1+ 24. Bxc1 Nxe4 25. Bxa6 Qxa6 26. Qe3 Nef6 27. Nc3 Qc4 28. Nd2 Qh4 29. Nf3 Qc4 30. Nd2 Qc7 31. Qd3 Nxd5 32. Bb2 Nf4 33. Qf3 Nf6 34. g3 Nh3+ 35. Kg2 Ng5 36. Qa8 Qd7 37. h4 Ne6 38. a4 d5 39. Nb5 d4 40. Nxa7 Qxa4 0-1

[Event "FRA-chT1B 0708"]
[Site "France"]
[Date "2008.02.10"]
[Round "7.7"]
[White "Benmesbah, Natacha"]
[Black "Le Roux, Yann Erle"]
[Result "1/2-1/2"]
[WhiteElo "2211"]
[BlackElo "1991"]
[PlyCount "78"]
[EventDate "2007.10.21"]
[EventType "team"]
[EventRounds "11"]
[EventCountry "FRA"]
[SourceTitle "EXT 2009"]
[Source "ChessBase"]
[SourceDate "2008.11.26"]
[SourceVersion "1"]
[SourceVersionDate "2008.11.26"]
[SourceQuality "1"]
[WhiteTeam "Toulouse"]
[BlackTeam "Lutece"]
[WhiteTeamCountry "FRA"]
[BlackTeamCountry "FRA"]

1. e4 c6 2. c4 d5 3. cxd5 cxd5 4. exd5 Qxd5 5. Nc3 Qd8 6. d4 e6 7. Nf3 Nf6 8. Bd3 Be7 9. 0-0 0-0 10. a3 b6 11. Qe2 Bb7 12. Rd1 Nbd7 13. Bg5 h6 14. Bh4 Nd5 15. Bg3 a6 16. Rac1 N7f6 17. Ne5 Nxc3 18. Rxc3 Nd5 19. Rcc1 Bg5 20. Rc2 b5 21. Nc6 Qb6 22. Ne5 Rad8 23. Be4 f5 24. Bxd5 Bxd5 25. f4 Bf6 26. Qe3 Bxe5 27. fxe5 Rc8 28. Rdc1 Rxc2 29. Rxc2 Qb7 30. Bf4 Rc8 31. Qc1 Rxc2 32. Qxc2 Be4 33. Qd2 Qd5 34. h4 Qc4 35. Qf2 Qc2 36. Qxc2 Bxc2 37. Kf2 Kf7 38. Bd2 Bb3 39. g3 Bd5 1/2-1/2

[Event "Syre Memorial op 30th"]
[Site "Issy les Moulineaux"]
[Date "2007.05.19"]
[Round "5"]
[White "Le Roux, Yann Erle"]
[Black "Daurelle, Herve"]
[Result "0-1"]
[WhiteElo "1996"]
[BlackElo "2209"]
[PlyCount "78"]
[EventDate "2007.05.17"]
[EventType "swiss"]
[EventRounds "6"]
[EventCountry "FRA"]
[SourceTitle "EXT 2008"]
[Source "ChessBase"]
[SourceDate "2007.11.25"]
[SourceVersion "1"]
[SourceVersionDate "2007.11.25"]
[SourceQuality "1"]

1. d4 Nf6 2. c4 c5 3. d5 e6 4. Nc3 exd5 5. cxd5 d6 6. Nf3 g6 7. Bf4 a6 8. e4 b5 9. Qe2 Be7 10. e5 dxe5 11. Bxe5 Nbd7 12. Bd6 Kf8 13. Bxe7+ Qxe7 14. Qxe7+ Kxe7 15. 0-0-0 Rd8 16. d6+ Kf8 17. g3 Bb7 18. Bg2 Nb6 19. Nh4 Bxg2 20. Nxg2 b4 21. Ne2 Ne4 22. Rhf1 Nxd6 23. Nef4 Nf5 24. Rxd8+ Rxd8 25. Rd1 Rxd1+ 26. Kxd1 c4 27. g4 Nd4 28. Ne3 a5 29. h3 Ke7 30. a3 Kd6 31. axb4 axb4 32. Nc2 Nxc2 33. Kxc2 Nd5 34. Ne2 Ke5 35. f3 Nf4 36. Ng1 Kd4 37. Kd2 c3+ 38. bxc3+ bxc3+ 39. Kc2 g5 0-1

[Event "Plancoet op 3rd"]
[Site "Plancoet"]
[Date "2003.07.27"]
[Round "2"]
[White "Coursaget, Nicolas"]
[Black "Le Roux, Yann Erle"]
[Result "1-0"]
[WhiteElo "2226"]
[BlackElo "2048"]
[PlyCount "43"]
[EventDate "2003.07.26"]
[EventType "swiss"]
[EventRounds "9"]
[EventCountry "FRA"]
[SourceTitle "CBM 095 Extra"]
[Source "ChessBase"]
[SourceDate "2003.09.04"]
[SourceVersion "1"]
[SourceVersionDate "2003.09.04"]
[SourceQuality "1"]

1. d4 d5 2. c4 c6 3. Nc3 dxc4 4. Nf3 b5 5. a4 b4 6. Ne4 e6 7. e3 Nd7 8. Bxc4 Ngf6 9. Nxf6+ Nxf6 10. Ne5 Qc7 11. Qf3 Bb7 12. Qg3 g6 13. Qf4 Nh5 14. Qh4 Be7 15. Qh3 Ng7 16. e4 a5 17. Bf4 Qb6 18. Rd1 Rd8 19. Qh6 0-0 20. Nf3 Ba6 21. Be5 f6 22. Ng5 1-0

[Event "Finistere-chT 0001"]
[Site "Finistere"]
[Date "2001.04.21"]
[Round "7.1"]
[White "Delaire, Eric"]
[Black "Le Roux, Yann Erle"]
[Result "1/2-1/2"]
[WhiteElo "1870"]
[BlackElo "1700"]
[PlyCount "92"]
[EventDate "2000.??.??"]
[EventType "team"]
[EventRounds "7"]
[EventCountry "FRA"]
[SourceTitle "EXT 2003"]
[Source "ChessBase"]
[SourceDate "2002.11.25"]
[SourceVersion "1"]
[SourceVersionDate "2002.11.25"]
[SourceQuality "1"]

1. e4 c6 2. d4 d5 3. Nc3 dxe4 4. Nxe4 Bf5 5. Ng3 Bg6 6. h4 h6 7. Nf3 Nd7 8. h5 Bh7 9. Bd3 Bxd3 10. Qxd3 e6 11. Bd2 Qc7 12. 0-0-0 0-0-0 13. Rh4 Ngf6 14. Bf4 Bd6 15. Bxd6 Qxd6 16. Ne4 Qe7 17. g3 Nxe4 18. Qxe4 Nf6 19. Qe1 Rd5 20. c4 Rf5 21. Ne5 Rd8 22. Qa5 Kb8 23. Rd3 Nd7 24. Ra3 Nxe5 25. Qxa7+ Kc8 26. Qa8+ Kc7 27. Qa5+ Kc8 28. Qa8+ Kc7 29. Qa5+ Kd7 30. dxe5 Rxf2 31. Rd4+ Ke8 32. Rxd8+ Qxd8 33. Qxd8+ Kxd8 34. Ra8+ Kc7 35. Rg8 Rf5 36. Rxg7 Kb6 37. g4 Rxe5 38. Rxf7 Rg5 39. Rf4 Kc5 40. b3 Kd6 41. Kd2 Ke7 42. Kd3 e5 43. Re4 c5 44. Ke3 Kf6 45. Kf3 Rg8 46. Ke2 Rd8 1/2-1/2

[Event "FRA-chT3 01"]
[Site "France"]
[Date "2001.04.01"]
[Round "9"]
[White "Le Roux, Yann Erle"]
[Black "Cheverry, Francois"]
[Result "0-1"]
[WhiteElo "2094"]
[BlackElo "2086"]
[PlyCount "64"]
[EventDate "2001.??.??"]
[EventType "team"]
[EventRounds "9"]
[EventCountry "FRA"]
[SourceTitle "EXT 2002"]
[Source "ChessBase"]
[SourceDate "2001.11.25"]
[SourceVersion "1"]
[SourceVersionDate "2001.11.25"]
[SourceQuality "1"]
[WhiteTeam "Rennes"]
[BlackTeam "Yffiniac"]
[WhiteTeamCountry "FRA"]
[BlackTeamCountry "FRA"]

1. e4 c6 2. Nc3 d5 3. Nf3 Bg4 4. h3 Bh5 5. exd5 cxd5 6. Bb5+ Nc6 7. g4 Bg6 8. Ne5 Rc8 9. d4 e6 10. h4 f6 11. Nxg6 hxg6 12. Qe2 Kf7 13. Be3 Bb4 14. Kf1 Nge7 15. Nd1 Bd6 16. f4 a6 17. Ba4 Qc7 18. Bxc6 Qxc6 19. c3 Rh7 20. Kg2 Rch8 21. h5 gxh5 22. Rxh5 Rxh5 23. gxh5 Nf5 24. Qg4 Bc7 25. Kf3 Qc4 26. Nf2 Rh6 27. Qh3 Qb5 28. Rb1 Qa4 29. a3 Qc2 30. Qh1 Nxe3 31. Kxe3 Bxf4+ 32. Kxf4 Qxf2+ 0-1

[Event "Finistere-chT 0001"]
[Site "Finistere"]
[Date "2001.03.24"]
[Round "6.1"]
[White "Le Roux, Yann Erle"]
[Black "Le Du, Michel"]
[Result "1-0"]
[WhiteElo "2094"]
[BlackElo "2067"]
[PlyCount "81"]
[EventDate "2000.??.??"]
[EventType "team"]
[EventRounds "7"]
[EventCountry "FRA"]
[SourceTitle "EXT 2003"]
[Source "ChessBase"]
[SourceDate "2002.11.25"]
[SourceVersion "1"]
[SourceVersionDate "2002.11.25"]
[SourceQuality "1"]

1. e4 c5 2. Nc3 Nc6 3. f4 g6 4. Nf3 Bg7 5. Bb5 a6 6. Bxc6 bxc6 7. 0-0 Nf6 8. d3 0-0 9. Qe1 d6 10. Nh4 e6 11. e5 dxe5 12. fxe5 Ng4 13. Nf3 Nxe5 14. Nxe5 Qd4+ 15. Be3 Qxe5 16. Na4 Qxe3+ 17. Qxe3 Bd4 18. Rae1 Rb8 19. b3 Rd8 20. Nxc5 Rb5 21. Qxd4 Rxd4 22. Re4 Rd6 23. Rc4 f5 24. a4 Rb6 25. Re1 a5 26. g4 Ba6 27. Nxa6 Rxa6 28. Re5 Kf7 29. Rec5 Kf6 30. Kf2 g5 31. Kf3 h6 32. h3 e5 33. Ke3 f4+ 34. Kf3 Re6 35. Ke4 Kg6 36. Kf3 h5 37. gxh5+ Kxh5 38. Re4 Ra7 39. Rexe5 Ree7 40. Rxg5+ Kh6 41. Kxf4 1-0

[Event "FRA-chT3 01"]
[Site "France"]
[Date "2001.01.14"]
[Round "5"]
[White "Le Roux, Yann Erle"]
[Black "Rouxel, Rene"]
[Result "1-0"]
[WhiteElo "2094"]
[BlackElo "1840"]
[PlyCount "69"]
[EventDate "2001.??.??"]
[EventType "team"]
[EventRounds "9"]
[EventCountry "FRA"]
[SourceTitle "EXT 2002"]
[Source "ChessBase"]
[SourceDate "2001.11.25"]
[SourceVersion "1"]
[SourceVersionDate "2001.11.25"]
[SourceQuality "1"]
[WhiteTeam "Rennes"]
[BlackTeam "Equeurdreville"]
[WhiteTeamCountry "FRA"]
[BlackTeamCountry "FRA"]

1. e4 c5 2. Nc3 Nc6 3. f4 g6 4. Nf3 Bg7 5. Bb5 Nd4 6. 0-0 e6 7. d3 Ne7 8. Nxd4 cxd4 9. Ne2 0-0 10. Qe1 Qb6 11. Ba4 d5 12. e5 f6 13. exf6 Bxf6 14. g4 Bg7 15. h3 a5 16. Ng3 Qb4 17. Qxb4 axb4 18. Bb3 Bd7 19. Bd2 Nc6 20. Rae1 Kh8 21. Rf2 Rad8 22. Ba4 Rf7 23. Bxc6 bxc6 24. Bxb4 Bc8 25. b3 Bh6 26. Bd2 Bg7 27. a4 Re8 28. Bb4 Rd8 29. Bc5 Kg8 30. Ne2 e5 31. fxe5 Bxe5 32. Rxf7 Kxf7 33. Nxd4 Re8 34. Rf1+ Kg7 35. Nxc6 1-0

[Event "Finistere-chT 0001"]
[Site "Finistere"]
[Date "2000.12.02"]
[Round "3.6"]
[White "Criton, Michel"]
[Black "Le Roux, Yann Erle"]
[Result "0-1"]
[WhiteElo "1470"]
[BlackElo "2093"]
[PlyCount "48"]
[EventDate "2000.??.??"]
[EventType "team"]
[EventRounds "7"]
[EventCountry "FRA"]
[SourceTitle "EXT 2003"]
[Source "ChessBase"]
[SourceDate "2002.11.25"]
[SourceVersion "1"]
[SourceVersionDate "2002.11.25"]
[SourceQuality "1"]

1. d4 Nf6 2. Nf3 d5 3. c4 c6 4. Nc3 dxc4 5. e4 b5 6. a4 b4 7. e5 Nd5 8. Ne4 c3 9. bxc3 bxc3 10. Ba3 Qa5 11. Bd3 Nf4 12. 0-0 Nxd3 13. Qxd3 Ba6 14. Qe3 Bxf1 15. Nd6+ exd6 16. exd6+ Kd8 17. Re1 Kc8 18. Qe8+ Qd8 19. Qxf7 Bxd6 20. Bxd6 Qxd6 21. Qxg7 Rd8 22. Re7 Ba6 23. Ng5 c2 24. Re1 Qxd4 0-1

[Event "FRA-chT3 01"]
[Site "France"]
[Date "2000.11.18"]
[Round "2"]
[White "Morice, Ludovic"]
[Black "Le Roux, Yann Erle"]
[Result "1-0"]
[WhiteElo "1960"]
[BlackElo "2093"]
[PlyCount "30"]
[EventDate "2001.??.??"]
[EventType "team"]
[EventRounds "9"]
[EventCountry "FRA"]
[SourceTitle "EXT 2002"]
[Source "ChessBase"]
[SourceDate "2001.11.25"]
[SourceVersion "1"]
[SourceVersionDate "2001.11.25"]
[SourceQuality "1"]
[WhiteTeam "Brest"]
[BlackTeam "Rennes"]
[WhiteTeamCountry "FRA"]
[BlackTeamCountry "FRA"]

1. e4 d5 2. exd5 Nf6 3. c4 e6 4. dxe6 Bxe6 5. Nf3 Nc6 6. d4 Bb4+ 7. Nc3 Ne4 8. Bd2 Nxd2 9. Qxd2 Qe7 10. 0-0-0 0-0-0 11. Qe3 Rhe8 12. d5 Bg4 13. dxc6 Rxd1+ 14. Nxd1 Qd8 15. Qxa7 Qd6 1-0

[Event "Finistere-chT 0001"]
[Site "Finistere"]
[Date "2000.10.21"]
[Round "1.1"]
[White "Baron, Michel"]
[Black "Le Roux, Yann Erle"]
[Result "0-1"]
[WhiteElo "1520"]
[BlackElo "2093"]
[PlyCount "62"]
[EventDate "2000.??.??"]
[EventType "team"]
[EventRounds "7"]
[EventCountry "FRA"]
[SourceTitle "EXT 2003"]
[Source "ChessBase"]
[SourceDate "2002.11.25"]
[SourceVersion "1"]
[SourceVersionDate "2002.11.25"]
[SourceQuality "1"]

1. d4 Nf6 2. c4 c5 3. Nf3 cxd4 4. Nxd4 e5 5. Nb5 d5 6. cxd5 a6 7. N5c3 Bf5 8. Qa4+ Nbd7 9. e4 b5 10. Qc2 Bg6 11. Bg5 Rc8 12. a3 Qa5 13. Bxf6 gxf6 14. f3 Nb6 15. Qe2 Nc4 16. Ra2 Bh6 17. b4 Qb6 18. a4 0-0 19. axb5 axb5 20. h4 Bf4 21. Rh3 h5 22. g3 Bh6 23. Rh2 f5 24. Bh3 Qg1+ 25. Bf1 Qxg3+ 26. Qf2 Qf4 27. Ne2 Qe3 28. Bh3 Qb3 29. Nbc3 Ne3 30. f4 Rxc3 31. Ng3 Qd1# 0-1

[Event "Finistere-chT 0001"]
[Site "Finistere"]
[Date "2000.01.27"]
[Round "5.2"]
[White "Le Morzellec, Daniel"]
[Black "Le Roux, Yann Erle"]
[Result "0-1"]
[WhiteElo "1670"]
[BlackElo "2094"]
[PlyCount "86"]
[EventDate "2000.??.??"]
[EventType "team"]
[EventRounds "7"]
[EventCountry "FRA"]
[SourceTitle "EXT 2003"]
[Source "ChessBase"]
[SourceDate "2002.11.25"]
[SourceVersion "1"]
[SourceVersionDate "2002.11.25"]
[SourceQuality "1"]

1. d4 Nf6 2. Nf3 d5 3. Bg5 Bf5 4. Nbd2 Nbd7 5. e3 e6 6. c4 c6 7. Be2 Be7 8. 0-0 0-0 9. cxd5 exd5 10. Qb3 Qb6 11. Ne5 Rfe8 12. Nxd7 Nxd7 13. Bxe7 Rxe7 14. Qa3 Re6 15. Rfe1 Rae8 16. Qc3 Rh6 17. Nf1 Nf6 18. f3 Bc8 19. b4 a6 20. a3 Nh5 21. e4 dxe4 22. fxe4 Nf4 23. Bf3 Rd6 24. Qc5 Qd8 25. d5 Nd3 26. Qc3 Nxe1 27. Rxe1 cxd5 28. Rd1 dxe4 29. Rxd6 Qxd6 30. Bxe4 Qe5 31. Qxe5 Rxe5 32. Nd2 b5 33. Kf2 Re7 34. Kf3 Bb7 35. Bxb7 Rxb7 36. Nb3 f6 37. Nc5 Ra7 38. h3 Kf7 39. g4 a5 40. Kf4 axb4 41. axb4 Ra3 42. h4 Rc3 43. Ke4 Rc4+ 0-1